| 000 | 00796cam a22002651 4500 | ||
|---|---|---|---|
| 999 |
_c128222 _d128222 |
||
| 001 | 7098376 | ||
| 003 | ARRUPE | ||
| 005 | 20180920153409.0 | ||
| 008 | 770107t19701963fr 000 0 fre | ||
| 010 | _a 70520894 | ||
| 035 | _a(OCoLC)2666281 | ||
| 040 |
_aDLC _cNNU _dOCoLC _dDLC |
||
| 042 | _apremarc | ||
| 050 | 0 | 0 |
_aB2798 _b.W47 1970 |
| 100 | 1 |
_aWeil, Eric. _94712 |
|
| 245 | 1 | 0 | _aProblèmes kantiens. |
| 250 | _a2nd. rev ed. | ||
| 260 |
_aParis, _bJ. Vrin, _c1970 [c1963] |
||
| 300 |
_a174 p. _c22 cm. |
||
| 490 | 0 | _aProblèmes et controverses | |
| 504 | _aIncludes bibliographical references. | ||
| 600 | 1 | 0 |
_aKant, Immanuel, _d1724-1804. _942433 |
| 906 |
_a7 _bcbc _coclcrpl _du _encip _f19 _gy-gencatlg |
||
| 942 |
_2lcc _cMONOGRAPH |
||